LIBRARY ONLINE CATALOGUE

Introductory statistics for business and economics / (Record no. 5166)

MARC details
000 -LEADER
fixed length control field 00898cam a22002652 4500
001 - CONTROL NUMBER
control field 0000001265
005 - DATE AND TIME OF LATEST TRANSACTION
control field 20151217151811.0
008 - FIXED-LENGTH DATA ELEMENTS--GENERAL INFORMATION
fixed length control field 070228s xx 000 0 eng d
020 ## - INTERNATIONAL STANDARD BOOK NUMBER
International Standard Book Number 047161517X :
Terms of availability KES 4,650
040 ## - CATALOGING SOURCE
Original cataloging agency KABU
Transcribing agency KABU
050 #0 - LIBRARY OF CONGRESS CALL NUMBER
Classification number HA29
Item number .W622 1990
100 1# - MAIN ENTRY--PERSONAL NAME
Personal name Wonnacott, Thomas H.
-- 0000149893
245 10 - TITLE STATEMENT
Title Introductory statistics for business and economics /
Statement of responsibility, etc. Thomas H. Wonnacott, Ronald J. Wonnacott.
250 ## - EDITION STATEMENT
Edition statement 4th ed.
260 ## - PUBLICATION, DISTRIBUTION, ETC. (IMPRINT)
Place of publication, distribution, etc. New York :
Name of publisher, distributor, etc. John Wiley,
Date of publication, distribution, etc. 1990.
300 ## - PHYSICAL DESCRIPTION
Extent xvi, 815 p.
650 #0 - SUBJECT ADDED ENTRY--TOPICAL TERM
Topical term or geographic name as entry element Statistics.
-- 0000149871
650 #0 - SUBJECT ADDED ENTRY--TOPICAL TERM
Topical term or geographic name as entry element Economics
General subdivision Statistical methods.
-- 0000149882
700 1# - ADDED ENTRY--PERSONAL NAME
Personal name Wonnacott, Ronald J.
-- 0000149894
908 ## - PUT COMMAND PARAMETER (RLIN)
Put command parameter 070228
950 ## - LOCAL HOLDINGS (RLIN)
-- 1
Holdings
Withdrawn status Lost status Source of classification or shelving scheme Not for loan Home library Current library Date acquired Total Checkouts Full call number Barcode Date last seen Date last checked out Price effective from Koha item type Total Renewals
    Library of Congress Classification   Kabarak, Main Campus Kabarak, Main Campus 17/12/2015 7 HA29 .W622 1990 000588 02/08/2024 18/05/2021 17/12/2015 General Collection  
    Library of Congress Classification   Kabarak, Main Campus Kabarak, Main Campus 17/12/2015   HA29 .W622 1990 000589 02/08/2024   17/12/2015 General Collection  
    Library of Congress Classification   Kabarak, Main Campus Kabarak, Main Campus 17/12/2015 2 HA29 .W622 1990 000590 02/08/2024 30/03/2022 17/12/2015 General Collection 1